| 000 | 00429nam a22001577a 4500 | ||
|---|---|---|---|
| 005 | 20250128125958.0 | ||
| 008 | 250128b |||||||| |||| 00| 0 eng d | ||
| 020 | _a 978-9390529490 | ||
| 082 | _a346.02 KAU; | ||
| 100 | _aKaushik, Laik. | ||
| 245 | _aConsensus Ad IDEM : consent and free consent in contract law | ||
| 250 | _a1st ed. | ||
| 260 |
_aLegal South Asia _bThomson Reuters |
||
| 300 | _avii, 535 | ||
| 942 | _cLL | ||
| 999 |
_c297858 _d297858 |
||